[Event "Sao Jose dos Campos IRT op"]
[Site "Sao Jose dos Campos"]
[Date "2020.12.20"]
[Round "4"]
[White "Machado, Gilmar Dias"]
[Black "Zakowicz, Rafael"]
[Result "1/2-1/2"]
[WhiteElo "1792"]
[BlackElo "2030"]
[PlyCount "44"]
[EventDate "2020.12.18"]
[EventType "swiss"]
[EventRounds "5"]
[EventCountry "BRA"]
[SourceTitle "EXT 2022"]
[Source "ChessBase"]
[SourceDate "2021.10.06"]
[SourceVersion "1"]
[SourceVersionDate "2021.10.06"]
[SourceQuality "1"]

1. e4 c5 2. d4 cxd4 3. c3 dxc3 4. Nxc3 e5 5. Nf3 Nc6 6. Bc4 h6 7. Qd5 Qf6 8. Nb5 Nb4 9. Qxe5+ Be7 10. Nc7+ Kf8 11. 0-0 Qxe5 12. Nxe5 Bd6 13. Nxf7 Bxc7 14. Nxh8 Ne7 15. f4 d5 16. exd5 Bd6 17. Bd2 Nc2 18. Rac1 Bf5 19. Bb3 Nd4 20. Rfe1 Nxb3 21. axb3 Kg8 22. Bc3 Kxh8 1/2-1/2

[Event "Sao Jose dos Campos IRT op"]
[Site "Sao Jose dos Campos"]
[Date "2020.12.18"]
[Round "2"]
[White "Machado, Gilmar Dias"]
[Black "Lage, Pedro Ferreira"]
[Result "0-1"]
[WhiteElo "1792"]
[BlackElo "2073"]
[PlyCount "68"]
[EventDate "2020.12.18"]
[EventType "swiss"]
[EventRounds "5"]
[EventCountry "BRA"]
[SourceTitle "EXT 2022"]
[Source "ChessBase"]
[SourceDate "2021.10.06"]
[SourceVersion "1"]
[SourceVersionDate "2021.10.06"]
[SourceQuality "1"]

1. e4 e6 2. d4 d5 3. e5 c5 4. c3 Nc6 5. Nf3 Qb6 6. Bd3 cxd4 7. cxd4 Bd7 8. 0-0 Nxd4 9. Nbd2 Nxf3+ 10. Nxf3 Bc5 11. b4 Be7 12. Be3 Qd8 13. b5 Nh6 14. Qb3 Ng4 15. Bd4 0-0 16. b6 axb6 17. Bxb6 Qb8 18. Rfe1 f6 19. exf6 Bxf6 20. Rac1 Rc8 21. Rxc8+ Bxc8 22. Qb5 Kf7 23. Bxh7 Qd6 24. Qb1 Ra4 25. Be3 Nxe3 26. fxe3 Rg4 27. Bc2 e5 28. Bd1 e4 29. Nd4 Rh4 30. g3 Rh3 31. Rf1 Rxg3+ 32. Kh1 Rxe3 33. Qc1 Rh3 34. Rf2 Bd7 0-1

[Event "Mineiro-ch"]
[Site "Belo Horizonte"]
[Date "2018.09.16"]
[Round "4"]
[White "Machado, Gilmar Dias"]
[Black "Sampaio, Andre Luiz"]
[Result "1-0"]
[WhiteElo "1855"]
[BlackElo "1929"]
[PlyCount "169"]
[EventDate "2018.09.14"]
[EventType "swiss"]
[EventRounds "5"]
[EventCountry "BRA"]
[SourceTitle "CBM 187 Extra"]
[Source "ChessBase"]
[SourceDate "2018.11.04"]
[SourceVersion "1"]
[SourceVersionDate "2018.11.04"]
[SourceQuality "1"]

1. e4 d6 2. d4 Nf6 3. Bd3 g6 4. Nf3 Bg7 5. 0-0 0-0 6. c4 Nbd7 7. Nc3 e5 8. d5 Nc5 9. Bc2 a5 10. Bg5 h6 11. Be3 b6 12. h3 Ba6 13. b3 Bc8 14. Nd2 Bd7 15. Rb1 Qc8 16. Kh2 Nh5 17. Ne2 f5 18. Bxc5 bxc5 19. Ng3 Nxg3 20. fxg3 f4 21. g4 Qd8 22. Nf3 g5 23. Ng1 Qe7 24. Ne2 Rf7 25. Nc3 Rff8 26. Bd3 Rfb8 27. Be2 Qe8 28. Nb5 Bxb5 29. cxb5 Qg6 30. Bd3 Qe8 31. Rf2 Qe7 32. a3 Bf8 33. Rc1 Qd7 34. Rfc2 Kg7 35. Qe2 Qf7 36. Kg1 Be7 37. Rf1 Qg6 38. Kf2 Rf8 39. Ke1 Rf7 40. Kd2 Raf8 41. Kc1 Rf6 42. Qe1 Ra8 43. Kb2 Qf7 44. Rcf2 Qf8 45. Rf3 Qf7 46. g3 Qf8 47. a4 Qf7 48. Ka2 h5 49. gxf4 hxg4 50. hxg4 gxf4 51. Rh1 Rh6 52. Rfh3 Rxh3 53. Rxh3 Qg6 54. Qh1 Bg5 55. Be2 Rg8 56. Bf3 Ra8 57. Rh5 Ra7 58. Rh8 Bh6 59. Rb8 Qg5 60. b6 cxb6 61. Rxb6 Qd8 62. Rb5 Qc7 63. Qh4 Qe7 64. Qxe7+ Rxe7 65. Rxa5 Kf6 66. Ra8 Rc7 67. Kb2 Rb7 68. Kc2 Rb4 69. a5 c4 70. bxc4 Rxc4+ 71. Kd3 Ra4 72. a6 Ra3+ 73. Ke2 Ra2+ 74. Kf1 Ra1+ 75. Kg2 Ra2+ 76. Kh3 Ra3 77. Kg2 Ra2+ 78. Kf1 Ra1+ 79. Ke2 Ra2+ 80. Ke1 Ra1+ 81. Bd1 f3 82. a7 Ke7 83. Rh8 Be3 84. a8Q f2+ 85. Ke2 1-0

[Event "BRA-ch Amateur U2000"]
[Site "Sao Paulo"]
[Date "2018.06.03"]
[Round "7"]
[White "Moreira, Alexandre Augusto"]
[Black "Machado, Gilmar Dias"]
[Result "0-1"]
[WhiteElo "1834"]
[BlackElo "1866"]
[PlyCount "78"]
[EventDate "2018.05.31"]
[EventType "swiss"]
[EventRounds "7"]
[EventCountry "BRA"]
[SourceTitle "EXT 2021"]
[Source "ChessBase"]
[SourceDate "2020.10.23"]
[SourceVersion "1"]
[SourceVersionDate "2020.10.23"]
[SourceQuality "1"]

1. e4 e5 2. Nf3 Nc6 3. Bb5 a6 4. Ba4 d6 5. d4 b5 6. Bb3 Nxd4 7. Bd5 c6 8. Nxd4 cxd5 9. Nc6 Qc7 10. exd5 Bb7 11. 0-0 Bxc6 12. dxc6 Qxc6 13. Qe2 Be7 14. f4 e4 15. Nc3 Nf6 16. Re1 d5 17. Be3 0-0 18. Rad1 Rac8 19. a3 Rfd8 20. g4 Bc5 21. g5 d4 22. gxf6 dxc3 23. Rxd8+ Rxd8 24. Qg4 Bxe3+ 25. Rxe3 Qxf6 26. Rxc3 Qd4+ 27. Kg2 g6 28. Rc8 Kg7 29. Rxd8 Qxd8 30. Qe2 f5 31. Qe3 Qd6 32. Qc3+ Qf6 33. Qc7+ Kh6 34. c3 Qe6 35. Qd8 Kg7 36. Qd4+ Qf6 37. Qd7+ Kh6 38. Kg3 Qb6 39. Kg2 Qe3 0-1

[Event "Pocos de Caldas op"]
[Site "Pocos de Caldas"]
[Date "2018.03.02"]
[Round "1"]
[White "Alves, Vinicius Santiago S"]
[Black "Machado, Gilmar Dias"]
[Result "0-1"]
[WhiteElo "1769"]
[BlackElo "1881"]
[PlyCount "44"]
[EventDate "2018.03.02"]
[EventType "swiss"]
[EventRounds "6"]
[EventCountry "BRA"]
[SourceTitle "CBM 183 Extra"]
[Source "ChessBase"]
[SourceDate "2018.04.19"]
[SourceVersion "1"]
[SourceVersionDate "2018.04.19"]
[SourceQuality "1"]

1. e4 e5 2. Nf3 Nc6 3. Bc4 Nf6 4. Nc3 Bc5 5. 0-0 0-0 6. a3 d6 7. d3 Bg4 8. h3 Bh5 9. Nb1 Nd4 10. Nbd2 Ne6 11. b4 Bd4 12. Rb1 Nf4 13. Bb2 Bb6 14. Qe1 Qd7 15. d4 exd4 16. Bxd4 Bxd4 17. Nxd4 Rae8 18. f3 d5 19. Qg3 dxc4 20. Nf5 Ne2+ 21. Kh1 Nxg3+ 22. Nxg3 Qxd2 0-1

[Event "BRA-ch Amateur"]
[Site "Sao Paulo"]
[Date "2011.03.07"]
[Round "5"]
[White "Machado, Gilmar Dias"]
[Black "Oliveira, Tiago Lopes"]
[Result "1-0"]
[WhiteElo "2331"]
[BlackElo "1738"]
[PlyCount "59"]
[EventDate "2011.03.05"]
[EventType "swiss"]
[EventRounds "7"]
[EventCountry "BRA"]
[SourceTitle "EXT 2014"]
[Source "ChessBase"]
[SourceDate "2013.11.20"]
[SourceVersion "1"]
[SourceVersionDate "2013.11.20"]
[SourceQuality "1"]

1. e4 d5 2. e5 c5 3. f4 Nc6 4. Nf3 Bg4 5. Be2 f6 6. 0-0 fxe5 7. Nxe5 Bxe2 8. Qxe2 Nf6 9. b3 Nd4 10. Qd3 e6 11. Bb2 Nc6 12. Qg3 Qc7 13. Na3 a6 14. Rae1 Nxe5 15. Bxe5 Qd7 16. f5 Ne4 17. fxe6 Qxe6 18. Qf4 0-0-0 19. c3 c4 20. Nxc4 dxc4 21. Rxe4 Qb6+ 22. Kh1 cxb3 23. Rc4+ Bc5 24. axb3 h5 25. Qf5+ Rd7 26. d4 Re8 27. Rxc5+ Kd8 28. Qg5+ Rde7 29. Rc1 Qe6 30. h3 1-0

[Event "BRA-ch Mineiro"]
[Site "Nova Resende"]
[Date "2011.01.08"]
[Round "10.1"]
[White "Marques, Joao Paulo Cassemir"]
[Black "Machado, Gilmar Dias"]
[Result "1-0"]
[WhiteElo "1975"]
[BlackElo "1893"]
[PlyCount "105"]
[EventDate "2011.01.04"]
[EventType "tourn"]
[EventRounds "10"]
[EventCountry "BRA"]
[SourceTitle "EXT 2022"]
[Source "ChessBase"]
[SourceDate "2021.10.06"]
[SourceVersion "1"]
[SourceVersionDate "2021.10.06"]
[SourceQuality "1"]

1. e4 c6 2. d4 d5 3. e5 c5 4. c4 cxd4 5. Qxd4 Nc6 6. Qxd5 Qxd5 7. cxd5 Nb4 8. Na3 Nxd5 9. Bc4 Nb4 10. Be3 e6 11. Nf3 Be7 12. 0-0 a6 13. Rac1 b5 14. Bb3 Bb7 15. Nd4 Bd8 16. Rfd1 Ne7 17. Ndc2 Nbd5 18. Nb1 0-0 19. Nc3 Ba5 20. Bc5 Rfd8 21. Nd4 Rac8 22. Ne4 Bc7 23. Nd6 Bxd6 24. Bxd6 Rxc1 25. Rxc1 Rc8 26. Rxc8+ Nxc8 27. Bc5 Ncb6 28. g3 Nc4 29. Bxc4 bxc4 30. Kf1 a5 31. Ke1 Nb4 32. Bxb4 axb4 33. Nc2 b3 34. axb3 cxb3 35. Nd4 Bd5 36. Kd2 h5 37. Kc3 h4 38. Nxb3 h3 39. Nc5 Kh7 40. b4 Bc6 41. Nb3 Kg6 42. Nd4 Bd5 43. b5 f6 44. b6 Kf7 45. Nb3 Ke7 46. Nc5 Kd8 47. f4 f5 48. Kd4 Kc8 49. Nd3 Kb7 50. Kc5 Ba2 51. Nb4 Bb3 52. Nc6 g6 53. Na5+ 1-0